Carte Quiz : Cour d'appel de l'ordre judiciaire français - Statistiques

Statistiques générales
  • Ce quiz a été pris 160 fois
  • Le résultat moyen est 23 sur 38
Réponses sur la Carte
Les réponses sont colorées sur une échelle allant du rouge au vert en fonction du pourcentage des utilisateurs qui les ont devinées à leur premier essai. Vous pouvez retrouver ces pourcentages ci-dessous.
 
Statistiques - réponses
Répondre % Correct
Cour d'appel de Paris
100%
Cour d'appel de Lyon
89%
Cour d'appel de Rennes
89%
Cour d'appel de Bordeaux
86%
Cour d'appel d'Aix-en-Provence
81%
Cour d'appel de Toulouse
81%
Cour d'appel de Montpellier
80%
Cour d'appel de Versailles
79%
Cour d'appel de Nancy
74%
Cour d'appel de Dijon
71%
Cour d'appel de Reims
70%
Cour d'appel de Grenoble
69%
Cour d'appel d'Amiens
67%
Cour d'appel de Caen
66%
Cour d'appel de Rouen
64%
Cour d'appel de Metz
63%
Cour d'appel de Pau
63%
Cour d'appel de Poitiers
63%
Cour d'appel d'Angers
61%
Cour d'appel de Bastia
61%
Cour d'appel de Douai
61%
Cour d'appel d'Orléans
60%
Cour d'appel de Colmar
59%
Chambre d'appel de la cour d'appel de St Denis de la Réunion à Mamoudzou
56%
Cour d'appel de Nîmes
56%
Cour d'appel de Limoges
53%
Cour d'appel de Saint-Denis-de-La Réunion
53%
Cour d'appel de Cayenne
49%
Cour d'appel de Nouméa
49%
Cour d'appel de Besançon
46%
Cour d'appel d'Agen
43%
Cour d'appel de Chambéry
43%
Cour d'appel de Fort-de-France
43%
Cour d'appel de Bourges
37%
Cour d'appel de Basse-Terre
36%
Cour d'appel de Riom
34%
Cour d'appel de Papeete
29%
Tribunal Supérieur d'Appel de Saint-Pierre-et-Miquelon
29%
Aucun quiz correspondant
Distribution des résultats
% des personnes avec chaque résultat
Percentile par nombre de réponses
Votre historique - résultats
Vous n’avez pas pris ce quiz